000 00532cam a2200217ua 4500
001 10916
005 20260515114658.0
008 190627n ii |||gr||||Z||||||eng
020 _a9789385439483
040 _cMAIN
041 _aeng
082 _a891.2
100 _aBiswajit Neog,
_eAuthor.
245 _aIndian classical literature
_cBy Biswajit Neog
250 _a1st ed.
260 _aJorhat:
_bBidya bhawan,
_c2019.
300 _a220p.
653 _aIndian literature
700 _aKakoli Kashyap,
_eAuthor.
942 _cBK
999 _c9862
_d9862